| 000 | 00614nam a2200193Ia 4500 | ||
|---|---|---|---|
| 003 | GCL | ||
| 008 | 140319s9999 xx 000 0 ara d | ||
| 040 |
_aGCL / _cGCL |
||
| 082 | 0 | 4 |
_a547.5 _bر ت |
| 100 | 1 | _aرضوان صدقى فرج محمد | |
| 245 | 1 | 0 |
_aالتحاليل الطبيعية والكيماوية للزيوت والدهون / _cرضوان صدقى فرج محمد |
| 260 |
_a[S.N] : _bالمكتبة الاكاديمية ، _c1995 |
||
| 300 | _a208 ص | ||
| 490 | _a | ||
| 650 | 0 | 4 | _aالكيمياء الحيوية |
| 650 | 0 | 4 | _aالزيوت |
| 650 | 0 | 4 | _aالدهون |
| 942 |
_2ddc _cBK |
||
| 999 |
_c36822 _d36822 |
||